000 00402nam a22001577a 4500
003 OSt
005 20240409165744.0
008 181212b xxu||||| |||| 00| 0 eng d
020 _a 978-9384479954
040 _cIIMT UNIVERSITY
100 _aARYA,MOHAN LAL
245 _aAGROMETEOROLOTGY AND CLIMATE CHANGE
260 _aMEERUT
_bRAMA PUBLICATION HOUSE
_c2017
300 _a204
942 _2ddc
_c01
_e1ST
999 _c44597
_d44597